Tous les clubs ayant évolué en Ligue 1 - Statistiques

Statistiques générales
  • Ce quiz a été pris 891 fois
  • Le résultat moyen est 50 sur 75
Statistiques - réponses
Club Nombre de saisons Meilleur classement % Correct
Olympique de Marseille 73 Champion
100%
Paris-Saint-Germain 50 Champion
100%
Olympique Lyonnais 65 Champion
98%
AS Saint-Etienne 69 Champion
97%
Girondins de Bordeaux 69 Champion
97%
LOSC Lille 64 Champion
97%
Stade Rennais 66 3ème
97%
AS Monaco 64 Champion
95%
FC Nantes 55 Champion
95%
OGC Nice 64 Champion
94%
RC Lens 61 Champion
94%
RC Strasbourg 62 Champion
93%
Toulouse FC 33 3ème
93%
Montpellier HSC 41 Champion
92%
Stade Brestois 17 8ème
92%
Toulouse FC (1937) 19 2ème
92%
Olympique Lillois 7 Champion
91%
Paris FC 3 12ème
91%
FC Metz 62 2ème
89%
RC Paris 30 Champion
89%
Stade de Reims 38 Champion
88%
CA Paris 2 Champion
87%
AC Ajaccio 14 6ème
86%
AJ Auxerre 33 Champion
86%
FC Lorient 16 7ème
86%
Gazélec Ajaccio 1 19ème
86%
Clermont Foot 63 2 17
85%
SC Bastia 35 3ème
85%
Angers SCO 31 3ème
83%
FC Sochaux Montbéliard 66 Champion
83%
SM Caen 18 5ème
82%
AS Nancy Lorraine 30 4ème
81%
Le Havre AC 24 3ème
81%
FC Nancy 15 4ème
80%
Nimes Olympique 36 2ème
80%
SC Nimes 3 5ème
80%
EA Guingamp 13 7ème
79%
ESTAC Troyes 19 7ème
79%
Dijon FCO 6 11ème
77%
Grenoble Foot 38 4 13ème
77%
Amiens SC 3 13ème
76%
Valenciennes FC 33 3ème
74%
Evian Thonon Gaillard 4 9ème
68%
Le Mans FC 6 9ème
66%
CS Sedan Ardennes 23 3ème
65%
FC Rouen 19 4ème
64%
Tours FC 4 11ème
63%
SC Toulon 12 5ème
62%
Avignon Football 84 1 20ème
61%
Red Star FC 19 Champion
61%
Stade Lavallois 13 5ème
60%
AS Cannes 22 2ème
59%
FC Sète 16 Champion
56%
Chamois Niortais 1 18ème
52%
La Berrichonne Chateauroux 1 20ème
51%
US Boulogne 1 19ème
50%
Istres FC 1 20ème
46%
CO Roubaix-Tourcoing 10 Champion
44%
AC Arles-Avignon 1 20ème
43%
FC Mulhouse 6 20ème
40%
EAC Roubaix 7 5ème
39%
RC Roubaix 3 8ème
39%
FC Martigues 3 11ème
35%
Limoges Football 3 10ème
34%
Sports Réunis Colmar 1 20ème
33%
FC Gueugnon 1 18ème
28%
AS Béziers 1 20ème
26%
AS Angoulème 3 4ème
22%
Olympique Alès 6 13ème
17%
FC Antibes 7 7ème
14%
Hyères FC 1 20ème
14%
Stade Français 12 5ème
10%
SC Fives 7 2ème
6%
Club Français 1 20ème
5%
AS Aix-en-Provence 1 20ème
0%
Aucun quiz correspondant
Distribution des résultats
% des personnes avec chaque résultat
Percentile par nombre de réponses
Votre historique - résultats
Vous n’avez pas pris ce quiz